000 00352nam a22001217a 4500
999 _c1708
_d1708
005 20200903105552.0
008 200903b ||||| |||| 00| 0 eng d
020 _a38460
040 _cCML
245 _aThe Company House Wife.
_cHartnell, N.
260 _aLondon
_bEvans Brothers Limited
_c1960
942 _2ddc
_cBK
_e1st Edition
_h640
_mCOM